000 00572nam a2200181Ia 4500
005 20250508160328.0
008 008 250505s9999 xx 000 0 eng d
020 _a0-19-569650-6 (Set)
037 _aReference
040 _aFEDL
_beng
_cFEDL
041 _aeng
_2eng
084 _a373.545 02, DEL/RR
_qFEDL
245 0 _aProspectus for the All-India higher secondary examination 1972
260 _aNew Delhi, India
_bCentral Board of Secondary Education
_c1972
300 _a199p.
942 _cREF
_h373.545 02, DEL/RR
999 _c1363734
_d1363734